The Best short stories / (Record no. 233682)

000 -LEADER
fixed length control field 01444cam a2200337 a 4500
001 - CONTROL NUMBER
control field 1642175
003 - CONTROL NUMBER IDENTIFIER
control field Nust
005 - DATE AND TIME OF LATEST TRANSACTION
control field 20170310095124.0
008 - FIXED-LENGTH DATA ELEMENTS--GENERAL INFORMATION
fixed length control field 960502s1996 nyu 000 1 eng
010 ## - LIBRARY OF CONGRESS CONTROL NUMBER
LC control number 96143814
020 ## - INTERNATIONAL STANDARD BOOK NUMBER
International Standard Book Number 9781853261893
040 ## - CATALOGING SOURCE
Original cataloging agency DLC
Transcribing agency DLC
Modifying agency DLC
041 1# - LANGUAGE CODE
Language code of text/sound track or separate title engfre
Language code of original fre
050 00 - LIBRARY OF CONGRESS CALL NUMBER
Classification number PQ2349.A4
Item number E5 1996
082 00 - DEWEY DECIMAL CLASSIFICATION NUMBER
Classification number 843.8
Author Mark MAU
100 1# - MAIN ENTRY--PERSONAL NAME
Personal name Maupassant, Guy de,
Dates associated with a name 1850-1893.
240 10 - UNIFORM TITLE
Uniform title Short stories.
Form subheading Selections.
Language of a work English & French
245 10 - TITLE STATEMENT
Title The Best short stories /
Statement of responsibility, etc. by Guy de Maupassant ;
246 31 - VARYING FORM OF TITLE
Title proper/short title Meilleurs contes
260 ## - PUBLICATION, DISTRIBUTION, ETC.
Place of publication, distribution, etc. New York :
Name of publisher, distributor, etc. Dover Publications,
Date of publication, distribution, etc. 1997.
300 ## - PHYSICAL DESCRIPTION
Extent x, 237 p. ;
Dimensions 22 cm.
440 #2 - SERIES STATEMENT/ADDED ENTRY--TITLE
Title A dual-language book
505 0# - FORMATTED CONTENTS NOTE
Formatted contents note Boule de suif -- The Tellier establishment -- Mademoiselle Fifi -- Miss Harriet -- The piece of string -- The necklace -- The Horla.
600 10 - SUBJECT ADDED ENTRY--PERSONAL NAME
Personal name Maupassant, Guy de,
Dates associated with a name 1850-1893
General subdivision Translations into English.
650 ## - SUBJECT ADDED ENTRY--TOPICAL TERM
Topical term or geographic name entry element Maupassant, Guy de
Form subdivision Fiction
700 1# - ADDED ENTRY--PERSONAL NAME
Personal name Jupiter, Steven.
856 42 - ELECTRONIC LOCATION AND ACCESS
Materials specified Publisher description
Uniform Resource Identifier <a href="http://www.loc.gov/catdir/description/dover031/96143814.html">http://www.loc.gov/catdir/description/dover031/96143814.html</a>
856 41 - ELECTRONIC LOCATION AND ACCESS
Materials specified Table of contents only
Uniform Resource Identifier <a href="http://www.loc.gov/catdir/enhancements/fy1318/96143814-t.html">http://www.loc.gov/catdir/enhancements/fy1318/96143814-t.html</a>
906 ## - LOCAL DATA ELEMENT F, LDF (RLIN)
a 7
b cbc
c orignew
d 3
e ncip
f 19
g y-gencatlg
942 ## - ADDED ENTRY ELEMENTS (KOHA)
Source of classification or shelving scheme
Koha item type Book
Holdings
Withdrawn status Lost status Source of classification or shelving scheme Damaged status Not for loan Permanent Location Current Location Shelving location Date acquired Total Checkouts Total Renewals Full call number Barcode Date last seen Date last checked out Copy number Price effective from Koha item type
          Central Library (CL) Central Library (CL) Fiction 03/10/2017 5 1 843.8 MAU CL1358 10/09/2023 08/21/2023 1 03/10/2017 Book
© 2023 Central Library, National University of Sciences and Technology. All Rights Reserved.